Statistics for Word Ladder - Alive to Dying

Click here to take the quiz!

General Stats

  • This quiz has been taken 27 times
  • The average score is 9 of 11

Answer Stats

HintAnswer% Correct
AliveAlive
91%
Slang for a woman or a baby chickenChick
91%
A noise made with your middle finger and thumbClick
83%
An objectThing
83%
DyingDying
78%
A cut piece of somethingSlice
78%
Bully or bigThick
78%
To direct your mind to a person or objectThink
78%
The present tense of the verb ‘tie’Tying
78%
Smooth or sneakilySlick
74%
To slice or cutSlive
74%

Score Distribution

Percentile by Number Answered

Percent of People with Each Score

Your Score History

You have not taken this quiz